One Direction Lyrics - Statistics

General Stats
  • This quiz has been taken 561 times
  • The average score is 9 of 15
Answer Stats
Hint Answer % Correct
youre insecure dont know what for What Makes You Beautiful
92%
5 foot something with the skinny jeans Midnight Memories
85%
but baby running after you is like chasing after the clouds Story Of My Life
85%
you keep making me weak, yeah frozen and cant breathe One Thing
82%
best i ever had hips dont lie Better Than Words
67%
and i know that we wont be going home for so long for so long Right Now
64%
im not a criminal i speak a different language Diana
59%
someday youre gonna see the things that i see Clouds
58%
tell me you believe in love Illusion
52%
but you looks amazing, standing alone cmon cmon
51%
used to sing about being free but now hes changed his mind Stockholm Syndrome
48%
im dancing alone im praying that your heart will just turn around More Than This
45%
you tell that youre sad and lost your way Through The Dark
37%
you say its getting its getting late Little White Lies
35%
we'll touch the otherside Why Dont We Go There
25%
No matching quizzes found
Score Distribution
Percent of People with Each Score
Percentile by Number Answered
Your Score History
You have not taken this quiz